Construcciones de hormigon armado

Na minha lista:
Detalhes bibliográficos
Autor principal: Kersten, C (Author)
Formato: Livro
Idioma:espanhol
Publicado em: Barcelona Gustavo Gili 1925
Assuntos:
Tags: Adicionar Tag
Sem tags, seja o primeiro a adicionar uma tag!

MARC

LEADER 00000nam a2200000 a 4500
001 UCV9360
003 CL-VaPUC
008 920824e19250000SP |||||||||||||||||spa|d
082 0 4 |a 624.18341  |b KER  |2 21 
100 |a Kersten, C  |e author  |9 366579 
245 1 0 |a Construcciones de hormigon armado 
300 |a 814 p 
942 |c BK 
945 |d 19920824 00:00:00 
260 |a Barcelona  |b Gustavo Gili  |c 1925 
650 7 |a CONSTRUCCIONES DE HORMIGON ARMADO  |2 CL-VaPUC  |9 260725 
650 0 |a Estructuras de hormigón   |9 262647 
583 |a last modification  |c 19920824 00:00:00  |k Rodrigo Vera 
999 |c 214709  |d 214707 
952 |0 0  |1 0  |4 0  |6 624_183410000000000_KER_1925  |7 0  |8 A  |9 198365  |a BIBARQ  |b BIBARQ  |d 2019-11-14  |i 2658518  |o 624.18341 KER 1925  |p 2658518  |r 2025-01-20  |w 2019-11-14  |y BK  |k ARQ